000 00454nam a2200133Ia 4500
008 220216s9999 xx 000 0 und d
100 _aSambhi Manjit Singh
245 0 _aDegradation studies related to the plasticity retention index of the standard Malaysian rubber scheme. II. Kinetics of degradation
260 _bJournal of Natural Rubber Research
_c1988
300 _a107-114
650 _aPlasticity retention index
650 _aSMR
942 _cJS
999 _c56781
_d56781